Genetic resources : Our forgotten treasure: Technical and socio-economic approaches

Bibliographic Details
Main Author: QUEROL Lipcovich 1956-
Format: Book
Published: Pulau Pinang : Third World Network , 1992
Subjects:

MARC

LEADER 00000cam a2200000 7i4500
001 0000000197
005 20020306.0
020 0 0 |a 9839747010 
090 0 0 |a 631.523   |b QUE 1992 
100 1 0 |a QUEROL Lipcovich   |h Daniel   |c 1956- 
245 1 0 |a Genetic resources :   |b Our forgotten treasure: Technical and socio-economic approaches   |c Daniel Querol 
260 0 0 |a Pulau Pinang :   |b Third World Network ,   |c 1992 
300 |a 252 p.bill. ;   |c 22 cm. 
500 0 0 |a First edition in Spanish, 1988   |a Bibliography: [p. [191]-200] 
650 0 0 |a Gene banks, Plant 
650 0 0 |a Germplasm resources, Plant 
650 0 0 |a Plant genetics 
998 |a JPSM 
999 |a 0000001046   |b Monograph   |c Open Shelf   |e Default branch